太好看了!奇妙的手绘图解茶百科 (Record no. 322659)
| 000 -LEADER | |
|---|---|
| fixed length control field | 00378 a2200145 4500 |
| 020 ## - ISBN | |
| ISBN | 9787571328238 |
| 082 ## - 索书号 Call Number | |
| 分类号Classification number | 974.8 |
| 作者号 Author number | 8575 |
| 100 ## - 作者 | |
| 作者 | 茶的故事 著 |
| 245 ## - 书名 TITLE | |
| 书名Title | 太好看了!奇妙的手绘图解茶百科 |
| 250 ## - 版本 EDITION STATEMENT | |
| 版本叙述 Edition statement | 初版,精装 |
| 260 ## - 出版项PUBLICATION, DISTRIBUTION, ETC. (IMPRINT) | |
| 出版社 Name of publisher | 江苏凤凰科学技术出版社 |
| 出版日期 Date of publication | 2022 |
| 出版地 Place of publication | 南京 |
| 300 ## - 稽核项 PHYSICAL DESCRIPTION | |
| 页数 Number of Pages | 125页 |
| 尺寸 Dimensions | 23公分 |
| 500 ## - 一般附注 GENERAL NOTE | |
| 附注 General note | 购 |
| 942 ## - ADDED ENTRY ELEMENTS (KOHA) | |
| Koha item type | Books |
| Source of classification or shelving scheme | Not for loan | Permanent Location | Current Location | Shelving location | Date acquired | Source of acquisition | Cost, normal purchase price | Full call number | Barcode | Cost, replacement price | Koha item type |
|---|---|---|---|---|---|---|---|---|---|---|---|
| LIBRARY CHUNG HWA HIGH SCHOOL MUAR | LIBRARY CHUNG HWA HIGH SCHOOL MUAR | 9 艺术类(一楼) | 2026-02-06 | 购 | 78.00 | 974.8 8575 | 049990 | 156.00 | Books |
